00387 2200157 4500245004300000020002200043250001100065100001700076650002700093005001900120260003000139041001400169084000800183300002900191336000900220 aUbur - Ubur LemburcRaditya DikahText a978-979-780-915-7 aCet. 1 aRaditya Dika aKumpulan Cerita Komedi a20230117095607 aJakartabGagasMediac2018 aIndonesia a813 aviii, 232 hlm. :c20 cm. atext